Cómo transformar la educación a través de la gestión de la calidad total: guía práctica
Uloženo v:
| Hlavní autor: | |
|---|---|
| Médium: | Kniha |
| Jazyk: | španělština |
| Vydáno: |
Madrid
Díaz de Santos
1997
|
| Vydání: | 1a. ed |
| Témata: | |
| Tagy: |
Přidat tag
Žádné tagy, Buďte první, kdo vytvoří štítek k tomuto záznamu!
|
MARC
| LEADER | 00000cam a2200000 a 4500 | ||
|---|---|---|---|
| 001 | UCC4832 | ||
| 003 | CL-VaPUC | ||
| 008 | 180831e19970000sp |||||||||||||||||spa|d | ||
| 020 | |a 8479782714 | ||
| 082 | 0 | 4 | |a 375 |b SCH |2 21 |
| 100 | 0 | |a Schargel, Franklin P |e author |9 599032 | |
| 245 | 1 | 0 | |a Cómo transformar la educación a través de la gestión de la calidad total: guía práctica |
| 250 | |a 1a. ed | ||
| 300 | |a 178 p | ||
| 942 | |c BK | ||
| 945 | |d 20180831 12:04:00 |a dcastane | ||
| 260 | |a Madrid |b Díaz de Santos |c 1997 | ||
| 650 | 0 | |a Curriculos |9 343652 | |
| 650 | 0 | |a Calidad de la educación |9 307271 | |
| 650 | 0 | |a Calidad total |9 259929 | |
| 583 | |a last modification |c 20180831 12:04:00 |k Rodrigo Vera | ||
| 999 | |c 372218 |d 372216 | ||